Проблемы метрологического обеспечения исследования биологической активности нанопорошков металлов; Информационные технологии, системы и приборы в АПК; Ч. 1

מידע ביבליוגרפי
Parent link:Информационные технологии, системы и приборы в АПК: материалы 4-ой Международной научно-практической конференции "АГРОИНФО-2009", Новосибирск, 14-15 октября 2009 г./ Сибирский физико-технический институт аграрных проблем СО Россельхозакадемии.— , 2009
Ч. 1.— 2009.— [С. 297-300]
מחברים אחרים: Шувалов Г. В. Геннадий Владимирович, Ильин А. П. Александр Петрович, Клековкин И. В., Толбанова Л. О. Людмила Олеговна
סיכום:Заглавие с экрана
Режим доступа: по договору с организацией-держателем ресурса
שפה:רוסית
יצא לאור: 2009
נושאים:
גישה מקוונת:https://elibrary.ru/item.asp?id=21221824
פורמט: MixedMaterials אלקטרוני Book Chapter
KOHA link:https://koha.lib.tpu.ru/cgi-bin/koha/opac-detail.pl?biblionumber=658726

MARC

LEADER 00000naa0a2200000 4500
001 658726
005 20250826110805.0
035 |a (RuTPU)RU\TPU\network\26723 
090 |a 658726 
100 |a 20181113d2009 k y0rusy50 ca 
101 0 |a rus 
102 |a RU 
135 |a drnn ---uucaa 
181 0 |a i  
182 0 |a b 
200 1 |a Проблемы метрологического обеспечения исследования биологической активности нанопорошков металлов  |f Г. В. Шувалов [и др.] 
203 |a Текст  |c электронный 
300 |a Заглавие с экрана 
333 |a Режим доступа: по договору с организацией-держателем ресурса 
461 |t Информационные технологии, системы и приборы в АПК  |o материалы 4-ой Международной научно-практической конференции "АГРОИНФО-2009", Новосибирск, 14-15 октября 2009 г.  |o в 2 ч.  |f Сибирский физико-технический институт аграрных проблем СО Россельхозакадемии  |d 2009 
463 |t Ч. 1  |v [С. 297-300]  |d 2009 
610 1 |a электронный ресурс 
610 1 |a труды учёных ТПУ 
701 1 |a Шувалов  |b Г. В.  |g Геннадий Владимирович 
701 1 |a Ильин  |b А. П.  |c химик  |c профессор Томского политехнического университета, доктор физико-математических наук  |f 1949-  |g Александр Петрович  |3 (RuTPU)RU\TPU\pers\25487 
701 1 |a Клековкин  |b И. В. 
701 1 |a Толбанова  |b Л. О.  |c химик  |c доцент Томского политехнического университета, кандидат технических наук  |f 1982-  |g Людмила Олеговна  |3 (RuTPU)RU\TPU\pers\25503 
801 1 |a RU  |b 63413507  |c 20130213 
801 2 |a RU  |b 63413507  |c 20181113  |g RCR 
856 4 |u https://elibrary.ru/item.asp?id=21221824 
942 |c BK